| 000 | 00850nam a22002177a 4500 | ||
|---|---|---|---|
| 999 |
_c12249 _d12249 |
||
| 003 | AR-CdUCM | ||
| 008 | 190329b ||||| |||| 00| 0 spa d | ||
| 020 | _a968.439.214-1 | ||
| 040 |
_aMUNICIPALIDAD PROVINCIAL DEL CUSCO _cBIBLIOTECA MUNICIPAL DEL CUSCO |
||
| 082 |
_aES / 516 / _bB17 _215ed. |
||
| 100 |
_aBaldor, Aurelio _926843 |
||
| 245 |
_aGeometría plana y del espacio : _bCon una introducción a la trigonométrica / |
||
| 260 |
_aMéxico : _bPublicaciones Cultural, _c1998. |
||
| 300 |
_a423 paginas ; _bDiagramas, _c24 cm. |
||
| 505 | _aContenido :Ángulos -- Perpendicularidad y paralelismo -- Rectas cortadas por una secante -- Cuerpos redondos -- Rectas y planos ... | ||
| 650 |
_aGeometría _918656 |
||
| 650 |
_aTrigonometría _919779 |
||
| 650 |
_aProblemas, ejercicios _919962 |
||
| 942 |
_2ddc _cLIBROS |
||
| 945 |
_arum _d2019-04-08 |
||